| 000 | 00000nam##2200000za#4500 |
| 001 | 9.636242 |
| 003 | CaOODSP |
| 005 | 20240209132117 |
| 007 | cr ||||||||||| |
| 008 | 150407|1998||||xxc|||||o f|0| 0 fre|d |
| 040 | |aCaOODSP|bfre |
| 043 | |an-cn--- |
| 086 | 1 |aNR35-18/1998F-PDF |
| 110 | 2 |aInstitut de recherche en construction (Canada). |
| 245 | 10|aDurabilité et performance des conduites à écoulement libre : |h[ressource électronique]|bétude documentaire approfondie / |c[par] Jack Q. Zhao, S. Kuraoka, T.H.W. Baker, P. Gu, J-F. Masson, S. Boudreau et R. Brousseau. |
| 260 | |aOttawa - Ontario : |bConseil national de recherches. |cAoût 1998. |
| 300 | |a74p|bfigures, graphiques, références, tableaux |
| 500 | |aLe numéro ISBN (0-660-17686-6) copié dans cette publication électronique est incorrect. |
| 590 | |a13-06-Supp|b2013-03-19 |
| 775 | 08|tDurability and performance of gravity pipes : |w(CaOODSP)9.691947 |
| 856 | 40|ahttp://publications.gc.ca|qPDF|s3.06 Mo|uhttps://publications.gc.ca/collections/collection_2013/cnrc-nrc/NR35-18-1998-fra.pdf |
| 986 | |aNRCC 42868F |